000 00936nam a22002777a 4500
001 BR8900243
003 BR-BrBNA
005 20230928093127.0
007 ta
008 230509b bl.||||| |||| 00| 0 por d
040 _aBR-BrBNA
_bpor
_cBiblioteca Nacional de Agricultura
041 _a(Por)
072 _aF30
_b0337
090 _ 0337 BR8900243
100 1 _aSilveira, J.M.
110 1 _aEscola Superior de Agricultura Luiz de Queiroz, Piracicaba, SP (Brasil)
_0Tese (Mestre em Agronomia)
245 1 _aSelecao recorrente intrapopulacional em girassol (Helianthus annuus L.)
246 1 _aIntra-population recurrent selection in sunflower (Helianthus annuus L.)
260 3 _aPiracicaba, SP (Brasil):
_c1988.
300 _a105 p.
500 _a21 tables; Bibliography p. 62-70 (66 ref.); Summaries (Eng, Por)
650 _aGIRASSOL
650 _aMUTACAO INDUZIDA
909 _a202309
_bLucia
_c55
_dLucia Elande
942 _cBK
999 _c43152
_d43152